گلی نوا / (Record no. 170707)

MARC details
000 -LEADER
fixed length control field 00516nam a22001817a 4500
005 - DATE AND TIME OF LATEST TRANSACTION
control field 20191223145927.0
010 ## - LCCN (DPL NO)
LC control number 974909
020 ## - INTERNATIONAL STANDARD BOOK NUMBER
Terms of availability 12.00
035 ## - SYSTEM CONTROL NUMBER
System control number 974909
082 ## - DEWEY DECIMAL CLASSIFICATION NUMBER
Classification number 841
100 ## - MAIN ENTRY--PERSONAL NAME
Personal name مہیش پٹیالوی
245 ## - TITLE STATEMENT
Title گلی نوا /
Statement of responsibility, etc مہیش پٹیالوی
246 ## - VARYING FORM OF TITLE
Title proper/short title Guli Nawa (Urdu) /
Remainder of title by Mahesh Patyalvi
260 ## - PUBLICATION, DISTRIBUTION, ETC. (IMPRINT)
Date of publication, distribution, etc 1979 ء
Place of publication, distribution, etc Patyala
Name of publisher, distributor, etc R.K.Brothers
270 ## - ADDRESS
Address 2495, Telegraph Street
City Patyala
Postal code -
300 ## - PHYSICAL DESCRIPTION
Extent 159p.
Dimensions 20cm(Hb)
942 ## - ADDED ENTRY ELEMENTS (KOHA)
Source of classification or shelving scheme Dewey Decimal Classification
Item type Urdu Bks
Classification part 841
Call number suffix م ہ ی
Holdings
Withdrawn status Lost status Not for loan Collection code Home library Current library Date acquired Source of acquisition Cost, normal purchase price Full call number Barcode Copy number Cost, replacement price Koha item type
      Non-fiction Central Library Central Library 23/12/2019 BPPD/Ven. 12.00 841 م ہ ی 974909 1 12.00 Urdu Bks

© Delhi Public Library
Hit Counter
free hit counter